| 000 | 00541nam a22001817a 4500 | ||
|---|---|---|---|
| 003 | OSt | ||
| 005 | 20250910193753.0 | ||
| 008 | 250910b |||||||| |||| 00| 0 eng d | ||
| 040 |
_aCO-UdeC _bspa _cCO-UdeC |
||
| 041 | 0 | _aspa | |
| 082 |
_a150.13 _bB562 |
||
| 100 | 1 | _aBetancourt, Luis Fernando | |
| 245 | 0 | 3 |
_aEl jardín florecido / _cLuis Fernando Betancourt |
| 260 |
_aMedellín : _bFundación La Buena Palabra, _c1999 |
||
| 300 |
_a295 p. ; _c21 cm |
||
| 650 | 1 | 4 | _aPoesía colombiana |
| 942 |
_2ddc _cBK _h150.13 _iB562 _n0 |
||
| 999 |
_c2049 _d2049 |
||